Conciencia, significado y relaciones dominantes /

সংরক্ষণ করুন:
গ্রন্থ-পঞ্জীর বিবরন
প্রধান লেখক: Smith, Dorothy E.
বিন্যাস: পাঠ‍্য
ট্যাগগুলো: ট্যাগ যুক্ত করুন
কোনো ট্যাগ নেই, প্রথমজন হিসাবে ট্যাগ করুন!

MARC

LEADER 00000 a a2200000 04500
001 18948
003
040
100 |a Smith, Dorothy E.  
245 |a Conciencia, significado y relaciones dominantes /  |c Dorothy E. Smith 
773 |g número 82 -83; páginas 303-320  
999 |c 34164  |d 34164